| 000 | 00515nam a2200169 a 4500 | ||
|---|---|---|---|
| 001 | 3426 | ||
| 003 | CDMR | ||
| 005 | 20130326192036.0 | ||
| 008 | 130130s1984||||||||||||||||||||||||||||d | ||
| 020 | _a8486153164 | ||
| 040 |
_aCDMR _bcat _cCDMR |
||
| 100 | 1 |
_aFuentes i Pujol, Maria Eulàlia _9606 |
|
| 245 | 1 | 0 |
_aServicio documental en la prensa diaria _b: análisis y orientaciones _cMa. Eulalia Fuentes i Pujol |
| 260 |
_aBarcelona _c1984 _bMitre |
||
| 490 | 0 | _aTextos de informática y documentación | |
| 942 |
_cMON _2udc |
||
| 999 |
_c3426 _d3426 |
||